Stanovenie etanolu prietokovou chronopotenciometriou

Guardado en:
Detalles Bibliográficos
Autor principal: Elková, Martina (Autor)
Otros Autores: Čacho, František (Orientador)
Formato: Manuscrito Libro
Lenguaje:eslovaco
Publicado: 2018
Materias:
Acceso en línea:http://is.stuba.sk/zp/portal_zp.pl?podrobnosti=136261
Etiquetas: Agregar Etiqueta
Sin Etiquetas, Sea el primero en etiquetar este registro!

MARC

LEADER 00000ntm a22000003a 4500
001 stuzp69630
003 SK-STU
005 20180602211129.8
007 ta
008 150427s2015----xo-----f-mn---000-0-slo-d
040 |a STU  |b slo 
041 0 |a slo 
100 1 |a Elková, Martina  |u 041000  |4 aut  |U FCHPT Fakulta chemickej a potravinárskej technológie  |T FCHPT Ústav analytickej chémie  |X 61166  |U C1000  |Y 99  |7 61166 
242 0 1 |a Determination of Ethanol by Flow-Through Chronopotentiometry  |y eng 
245 1 0 |a Stanovenie etanolu prietokovou chronopotenciometriou 
260 |c 2018 
650 4 |a oxidačno-redukčné reakcie  |2 slo 
650 4 |a etanol  |2 slo 
650 4 |a Pt elektróda  |2 slo 
650 4 |a ethanol  |2 eng 
650 4 |a oxidation-reduction reactions  |2 eng 
650 4 |a Pt electrode  |2 eng 
700 1 |a Čacho, František  |u 041000  |k Z1  |4 ths  |U FCHPT Fakulta chemickej a potravinárskej technológie  |T FCHPT Ústav analytickej chémie  |X 19738  |U C1000  |Y 99  |7 A0000019738 
856 4 |u http://is.stuba.sk/zp/portal_zp.pl?podrobnosti=136261